<?xml version="1.0" encoding="UTF-8"?>
<record
    xmlns:xsi="http://www.w3.org/2001/XMLSchema-instance"
    xsi:schemaLocation="http://www.loc.gov/MARC21/slim http://www.loc.gov/standards/marcxml/schema/MARC21slim.xsd"
    xmlns="http://www.loc.gov/MARC21/slim">

  <leader>00779nam a2200241Ia 4500</leader>
  <controlfield tag="001">dia_2280</controlfield>
  <controlfield tag="003">CHAP</controlfield>
  <controlfield tag="005">20230329134633.0</controlfield>
  <controlfield tag="008">220117s1994    xx            000 0 und d</controlfield>
  <datafield tag="010" ind1=" " ind2=" ">
    <subfield code="a">172800</subfield>
  </datafield>
  <datafield tag="040" ind1=" " ind2=" ">
    <subfield code="c">CHAP</subfield>
  </datafield>
  <datafield tag="082" ind1=" " ind2=" ">
    <subfield code="a">641.453 M3</subfield>
  </datafield>
  <datafield tag="100" ind1=" " ind2=" ">
    <subfield code="a">Madrid Vicente, Antonio</subfield>
    <subfield code="9">69710</subfield>
  </datafield>
  <datafield tag="245" ind1=" " ind2=" ">
    <subfield code="a">Refrigeraci&#xF3;n, Congelaci&#xF3;n y Envasado de los Alimentos /</subfield>
    <subfield code="c"> por Antonio Madrid Vicente y otros</subfield>
  </datafield>
  <datafield tag="260" ind1=" " ind2=" ">
    <subfield code="a">Madrid, Espa&#xF1;a :</subfield>
    <subfield code="b"> Mundi-prensa,</subfield>
    <subfield code="c">1994</subfield>
  </datafield>
  <datafield tag="300" ind1=" " ind2=" ">
    <subfield code="a">277 p.</subfield>
  </datafield>
  <datafield tag="500" ind1=" " ind2=" ">
    <subfield code="a">I.177674</subfield>
  </datafield>
  <datafield tag="600" ind1=" " ind2=" ">
    <subfield code="a">1.Alimentos congelados/ 2.Alimentos-preservaci&#xF3;n-frigor&#xED;ficos/ 3.Alimentos conservaci&#xF3;n. i.t.</subfield>
    <subfield code="9">152513</subfield>
  </datafield>
  <datafield tag="901" ind1=" " ind2=" ">
    <subfield code="a">641.453 M3</subfield>
  </datafield>
  <datafield tag="902" ind1=" " ind2=" ">
    <subfield code="a">M</subfield>
  </datafield>
  <datafield tag="905" ind1=" " ind2=" ">
    <subfield code="a">0000001994                          MADX   0000000000ESP00</subfield>
  </datafield>
  <datafield tag="942" ind1=" " ind2=" ">
    <subfield code="c">LIBRO</subfield>
    <subfield code="2">ddc</subfield>
  </datafield>
  <datafield tag="999" ind1=" " ind2=" ">
    <subfield code="c">172800</subfield>
    <subfield code="d">172800</subfield>
  </datafield>
  <datafield tag="952" ind1=" " ind2=" ">
    <subfield code="0">0</subfield>
    <subfield code="1">0</subfield>
    <subfield code="2">ddc</subfield>
    <subfield code="4">0</subfield>
    <subfield code="5">1</subfield>
    <subfield code="7">0</subfield>
    <subfield code="8">GRAL</subfield>
    <subfield code="a">IA_</subfield>
    <subfield code="b">IA_</subfield>
    <subfield code="d">1995-10-24</subfield>
    <subfield code="e">Compra Librer&#xED;a Patena F. 852 / R. (24/10/1995)</subfield>
    <subfield code="g">130.00</subfield>
    <subfield code="i">177674</subfield>
    <subfield code="l">1</subfield>
    <subfield code="o">641.453 M3</subfield>
    <subfield code="p">dia_4231</subfield>
    <subfield code="r">2024-06-14 00:00:00</subfield>
    <subfield code="s">2024-06-14</subfield>
    <subfield code="t">1</subfield>
    <subfield code="y">LIBRO</subfield>
  </datafield>
</record>
